000 00329nam a22001457a 4500
020 _a978-81-8264-334-5
082 _a894.812
_bNIL/Y
100 _aNILAYANGODE, DEVAKI
245 _aYATHRA
_bKATTILUM NATTILUM
260 _aKOZHIKODE
_bMATHRUBHUMI BOOKS
_c2008
300 _a82
520 _aNOVEL
650 _aNOVEL
942 _cBK
999 _c5326
_d5326